000 00676nam a2200289Ia 4500
005 20260324144742.0
008 008 260324s9999 xx 000 0 eng d
020 _a9781315804286
037 _aEBOOK
040 _aCRL
040 _beng
040 _cCRL
041 _2eng
041 _aeng
084 _qCRL
100 _aFlorence Kaslow
_9999098
245 0 _aSupervision and Training
245 0 _bModels, Dilemmas, and Challenges
260 _bTaylor and Francis
260 _c1986
365 _a
365 _b170
856 _uhttp://www.taylorfrancis.com/books/9781315804286
942 _cEBOOK
999 _c1827484
_d1827484